| 000 | 00560nam a2200181 i 4500 | ||
|---|---|---|---|
| 001 | bg | ||
| 100 | 1 | _aGĘSIARZ, Zdzisław | |
| 245 | 0 |
_aNaprawa samochodów Fiat 500, 500 D, 600, 600 D, 850, Zastava 750, 850 / _cZdzisław Gęsiarz. |
|
| 250 | _aWyd. 2 popr. i uzup. | ||
| 260 |
_aWarszawa : _bWydawn. Komunik. i Łączn., _c1972. |
||
| 300 |
_as. 238, nlb. 2 : _brys., tab., tabl., ilustr. |
||
| 504 | _a[Zawiera bibliogr. s. 240]. | ||
| 040 | _cBPK | ||
| 041 | _apol | ||
| 080 | _a629.114.6 | ||
| 942 | _cKS | ||
| 008 | s pl f |000 0 pol | ||
| 999 |
_c27058 _d27058 |
||
| 856 |
_uhttp://koha.tu.koszalin.pl/cgi-bin/koha/opac-detail.pl?biblionumber=27058 _yKatalog online BPK |
||